00833nam a22002417a 450000500170000001000130001702000220003003500130005203700160006504000120008108200180009310000290011124500500014026000430019027000560023330000240028950000200031365000460033365000410037994200270042099900190044795201250046620170124110024.0 aB-045253 c00.00a8122408354 aB-045253 bCen Lib/Ret aDPLbEN a541.0421bCHA aChakrabarty, D. K920288 aSolid state chemistry /cby D. K. Chakrabarty aNew DelhibNew Age Internationalc1996 bNew Delhia4835/24, Ansari Road, Darya Ganje110002 axii,259p.c23cm(Hb) aIncludes index  aSolid state chemistry -- Textbooks920289 aOrganic solid state chemistry920290 2ddccENh541.0421mCHA c127367d127367 00104070aLbLd2015-06-29eCen Lib/Retg0.00l0o541.0421 CHApB-045253r2015-06-29 00:00:00t1v0.00w2015-06-29yEN